| 000 | 01906cam a2200325 a 4500 | ||
|---|---|---|---|
| 999 |
_c128095 _d128095 |
||
| 001 | 16124365 | ||
| 003 | ARRUPE | ||
| 005 | 20180904123912.0 | ||
| 008 | 100308s2009 enk b 001 0 eng d | ||
| 010 | _a 2010290816 | ||
| 020 | _a056732821X (pbk.) | ||
| 020 | _a9780567328212 (pbk.) | ||
| 020 | _a056700175X (hbk.) | ||
| 020 | _a9780567001757 (hbk.) | ||
| 035 | _a(OCoLC)ocn320662400 | ||
| 040 |
_aBWK _cBWK _dVXM _dSOR _dCFT _dDLC |
||
| 042 | _alccopycat | ||
| 050 | 0 | 0 |
_aBT993.3 _b.A84 2009 |
| 082 | 0 | 0 |
_a238/.11 _222 |
| 100 | 1 |
_aAshwin-Siejkowski, Piotr, _d1964- _941970 |
|
| 245 | 1 | 4 |
_aThe Apostles' Creed : _bthe Apostles' Creed and its early Christian context / _cPiotr Ashwin-Siejkowski. |
| 260 |
_aLondon ; _aNew York : _bT & T Clark, _cc2009. |
||
| 300 |
_avi, 197 p. ; _c22 cm. |
||
| 504 | _aIncludes bibliographical references (p. 160-195) and index. | ||
| 505 | 0 | _aI believe in God -- The Father Almighty, Creator of Heaven and Earth -- And in Jesus Christ, his Only Son our Lord -- Who was conceived by the Holy Spirit, born of the Virgin Mary -- Suffered under Pontius Pilate, was crucified, dead and buried -- He descended into hell; on the third day he rose again from the dead -- He ascended into heaven, and sits at the right hand of God the Father Almighty -- From thence he shall come to judge the living and the dead -- I believe in the Holy Spirit -- The holy catholic church (the communion of saints) -- The forgiveness of sins -- The resurrection of the flesh -- And eternal life; amen. | |
| 630 | 0 | 0 |
_aApostles' Creed. _916888 |
| 650 | 0 |
_aChurch history _yPrimitive and early church, ca. 30-600. _941971 |
|
| 906 |
_a7 _bcbc _ccopycat _d2 _encip _f20 _gy-gencatlg |
||
| 942 |
_2lcc _cMONOGRAPH |
||